书目信息 |
| 题名: |
昆仑
|
|
| 作者: | ;《昆仑》编辑部 编 | |
| 分册: | ||
| 出版信息: | 北京 解放军文艺出版社 1983 |
|
| 页数: | 256页 | |
| 开本: | 26cm | |
| 丛书名: | ||
| 单 册: | ||
| 中图分类: | I2-55 | |
| 科图分类: | ||
| 主题词: | 文学--中国 | |
| 电子资源: | ||
| ISBN: | ||
| 000 | 00636nam0 2200193 45 | |
| 001 | 0312221749 | |
| 005 | 20060529095827.25 | |
| 010 | @dCNY1.00 | |
| 100 | @a20031222d1983 km y0chiy0120 ea | |
| 101 | @achi | |
| 200 | 1 | @a昆仑@AKun Lun@e1983年增刊(中长篇小说专号)@f《昆仑》编辑部编@F《kun lun》bian ji bu bian |
| 210 | @a北京@c解放军文艺出版社@d1983 | |
| 215 | @a256页@d26cm | |
| 517 | 1 | @a1983年增刊(中长篇小说专号)@A1983 nian zeng kan(zhong chang pian xiao shuo zhuan hao) |
| 606 | 0 | @a文学@x中国 |
| 690 | @aI2-55@v3 | |
| 711 | 0 | @a《昆仑》编辑部@A《kun lun》bian ji bu@4编 |
| 801 | @aCN@bTSTCL@c20060529 | |
| 905 | @a213230@dI2-55@e9/83 | |
| 昆仑:1983年增刊(中长篇小说专号)/《昆仑》编辑部编.-北京:解放军文艺出版社,1983 |
| 256页;26cm |
| ISBN :CNY1.00 |
| ● |
| 相关链接 |
|
|
|
|
正题名:昆仑
索取号:I2-55/9/83
 
预约/预借
| 序号 | 登录号 | 条形码 | 馆藏地/架位号 | 状态 | 备注 |
| 1 | 0090214 | 202387746 | 密集书库/ [索取号:I2-55/9/83] | 在馆 |